• 首页
  • 本馆介绍
  • 公告通知
  • 最新文献
  • 馆藏检索
  • 电子资源
  • 读者导购
  • 参考咨询
  • 我的图书馆
  • 登录
  • 详细信息显示
  • 放入我的书架
  • 预约/预借图书
  • 作者相关作品
  • 分类相关作品
  • 丛书相关作品
  • 出版社相关作品

书目信息

  • 表格格式
  • 工作单格式
  • 卡片格式
书名: Catalysis and chemical processes
作者: editors, R. Pearce, W.R. Patterson.
分册号:
分册名:
出版地: [London] :
 
出版社: L. Hill
出版时间: 1981.
页数: xix, 348 p. :
开本: 24 cm.
丛书名:
中图分类号:
科图分类号:
其他分类号: O643.3:H31
主题词:
电子资源:
000 00753nam 22002533a 4504
001 E0738784812
003 CaOON
005 20070301104708.07
008 820104s1981 enk b 0010 eng l
020    @a0249441608.
040    @aDLC@beng@cCaOON
050 00 @aTP156.C35@bC373
082 0  @a660.2/995
090    @aP428.5/W51
090    @aO643.3:H31
099    @dO643.3:H31@ex1
245 00 @aCatalysis and chemical processes / @ceditors, R. Pearce, W.R. Patterson.
260 0  @a[London] :@bL. Hill,@c1981.
300    @axix, 348 p. :@bill. ;@c24 cm.
504    @aIncludes bibliographies and index.
650  0 @aCatalysis.
650  0 @aChemical processes.
700 10 @aPatterson, W.R.@q(William R.)
700 10 @aPearce, R.@q(Ronald)
    
    Catalysis and chemical processes / / editors, R. Pearce, W.R. Patterson.-[London] : : L. Hill, , 1981.
    xix, 348 p. : : ill. ; ; 24 cm.
    Includes bibliographies and index.
    
    ISBN 0249441608.
    
●
相关链接 在E读中查询图书 在五车中查询图书 在当当中查询图书 在豆瓣中查询图书


正题名:Catalysis and chemical processes     索取号:O643.3:H31/x1         预约/预借

序号 登录号 条形码 馆藏地/架位号 状态 备注
1 180705   000635888   第二样本阅览室/ [索取号:O643.3:H31/x1] 在馆    
2 180706   000635860   第四借阅区/ [索取号:O643.3:H31/x1] 在馆    
3 180707   000635879   第四借阅区/ [索取号:O643.3:H31/x1] 在馆    
唐山师范学院图书馆 欢迎您!
大连网信软件有限公司© 版权所有